Renegades: X Ambassadors Lyrics - Statistics

General Stats
  • This quiz has been taken 10 times
  • The average score is 69 of 98
Answer Stats
Lyrics % Correct
a
100%
an
100%
and
100%
and
100%
And
100%
and
100%
and
100%
and
100%
and
100%
and
100%
I
100%
renegades
100%
renegades.
100%
the
100%
the
100%
the
100%
the
100%
the
100%
all
86%
all
86%
all
86%
like
86%
like
86%
living
86%
living
86%
no
86%
say
86%
So,
86%
we're
86%
we're
86%
away
71%
go
71%
hail
71%
hail
71%
hail
71%
hey
71%
hey
71%
hey
71%
hey
71%
hey
71%
hey
71%
hey
71%
hey
71%
hey
71%
hey,
71%
in
71%
kids
71%
kids
71%
live
71%
me
71%
me.
71%
new
71%
our
71%
our
71%
our
71%
Run
71%
to
71%
to
71%
to
71%
two
71%
with
71%
you
71%
come
57%
fear
57%
free
57%
have
57%
it's
57%
it's
57%
it's
57%
Kubricks
57%
let's
57%
Long
57%
lost
57%
make
57%
make
57%
move
57%
pioneers
57%
running
57%
running
57%
souls
57%
Spielbergs
57%
time
57%
time
57%
time
57%
wild
57%
begin ...
43%
break
43%
close
43%
ear.
43%
forth
43%
lend
43%
mutineers
43%
outlaws
43%
revelry
43%
rules,
43%
underdogs
43%
rebels
29%
amends
14%
No matching quizzes found
Score Distribution
Percent of People with Each Score
Percentile by Number Answered
Your Score History
You have not taken this quiz